[Event "Morelia/Linares 23rd"]
[Site "Morelia/Linares"]
[Date "2006.02.23"]
[Round "5"]
[White "Aronian, Levon"]
[Black "Svidler, Peter"]
[Result "1-0"]
[WhiteElo "2752"]
[BlackElo "2765"]
[Annotator "Krasenkow,M"]
[PlyCount "75"]
[EventDate "2006.02.18"]
[EventType "tourn"]
[EventRounds "14"]
[EventCountry "ESP"]
[EventCategory "20"]
[SourceTitle "CBM 112"]
[Source "ChessBase"]
[SourceDate "2006.06.07"]
[SourceVersion "1"]
[SourceVersionDate "2006.06.07"]
[SourceQuality "1"]

1. d4 Nf6 2. c4 g6 3. Nc3 d5 4. Bg5 Ne4 5. Bh4 c5 6. cxd5 Nxc3 7. bxc3 Qxd5 8.
e3 cxd4 9. Qxd4 Qxd4 10. cxd4 e6 11. Rb1 Be7 12. Bxe7 {The simplest course for
White in this system. He hopes to make use of his "better" bishop and pawn
advantage in the centre.} Kxe7 {[%mdl 4096]} 13. Bd3 (13. Nf3 Nc6 14. Bb5 Bd7
15. Kd2 Rhc8 16. Rhc1 f6 17. e4 Na5 18. Bxd7 {1/2-1/2 Ogaard,L-Spiridonov,N/
Pernik 1976/EXT 99}) (13. g3 $5 {is an interesting plan introduced by GM Igor
Khenkin back in the 80s. The white bishop is quite strong on the long diagonal
and Black must defend accurately:} Nd7 (13... Nc6 14. Bg2 Kd6 15. Nf3 h6 16.
Ke2 Rb8 17. Rhc1 b6 $4 (17... Bd7 18. Nd2 $1) 18. Rxc6+ Kxc6 19. Ne5+ Kd6 20.
Nxf7+ Kd7 21. Nxh8 Ba6+ 22. Ke1 Rxh8 23. Rc1 g5 24. Rc3 Bc8 25. d5 Kd6 26. Rc6+
Ke7 27. Bh3 {1-0 De Vries,S-Jacquet,I/Dieren 1991/EXT 2000}) 14. Bg2 Rb8 15.
Rc1 (15. Ne2 b6 16. Kd2 Ba6 17. Rhc1 Rbc8 18. f4 f5 19. Rxc8 Rxc8 20. Nc3 Nf6
$11 {1/2-1/2 Serper,G-Semeniuk,A/Novosibirsk 1989/TD (41)}) 15... Nf6 (15... a5
$6 16. Kd2 Rd8 17. Ne2 b6 18. Rc7 Ba6 19. Nc3 Kf8 20. f4 Nf6 21. Rb1 b5 22. Ra7
Rd6 23. Rc1 $16 {1-0 Khenkin,I-Yuferov,S/Belgorod 1989/TD (59)}) 16. Nf3 Bd7
17. Ne5 Rhc8 18. Kd2 b6 19. Bc6 Ke8 20. Nxd7 Nxd7 21. h4 Ke7 22. h5 Nf6 23.
hxg6 hxg6 24. Bf3 Kd7 {1/2-1/2 Thiele,M-Olthof,R/Netherlands 1995/EXT 99})
13... Nc6 (13... Nd7 $142 {. That position of the knight may look passive but,
as we'll see, it will have even less prospects on c6 and badly disturb the
other black pieces. For 13...Nd7 here are some examples:} 14. Nf3 b6 15. Be4 (
15. Ke2 Bb7 16. Rhc1 Rac8 17. g3 Rxc1 18. Rxc1 Rc8 19. Rxc8 Bxc8 20. g4 h6 21.
h4 Bb7 22. g5 hxg5 23. hxg5 Bd5 24. a3 Bc6 $11 {1/2-1/2 Rustemov,A-Yuferov,S/
Moscow RUS 2006/The Week in Chess 596 (61)}) 15... Rb8 16. Kd2 Ba6 17. Rhc1
Rbc8 18. h3 Rxc1 19. Rxc1 Rc8 20. Rxc8 Bxc8 21. g4 h6 22. Bc6 g5 23. e4 Kd6 24.
Bb5 Bb7 25. Ke3 f6 26. h4 a6 $11 {1-0 Klimov,S-Rutman,A/St Petersburg 1998/EXT
99 (51)}) 14. Nf3 b6 15. Ke2 Bb7 16. Rhc1 Rhc8 17. g4 h6 18. h4 {White has
started active play on the k-side; meanwhile, what can Black do with his c6
knight?} Na5 (18... Rc7 {would not change much:} 19. Rc2 Rac8 20. Rbc1 Kd6 21.
a3 {depriving the knight of the b4 square.}) 19. g5 hxg5 20. hxg5 Rxc1 (20...
Bxf3+ 21. Kxf3 Kd6 {was another option. Black should hold on.}) 21. Rxc1 Rc8
22. Rxc8 Bxc8 23. Ne5 Bb7 24. a3 Nc6 25. Ng4 Nb8 26. Kd2 Bc6 27. Kc3 Nd7 {
At last, this knight has taken the right square.} 28. f4 a5 29. e4 b5 (29... f5
{was apparently enough for a draw.} 30. gxf6+ (30. exf5 exf5 31. Ne5 Nxe5 32.
dxe5 Ke6 33. Bc4+ Ke7 34. Kd4 Bd7 {-cf.game}) 30... Nxf6 31. Nxf6 Kxf6 {
No breakthrough is possible here.}) 30. Bc2 f5 $6 {Black aims for a "clearly
drawn" position, which turns out to be lost. A typical psychological mistake
in defense!} 31. exf5 $1 exf5 $2 (31... gxf5 {, giving White a protected
passed pawn, doesn't look attractive but may allow Black to survive:} 32. Ne5
Be4 $1 (32... Nxe5 $2 33. dxe5 b4+ 34. axb4 axb4+ 35. Kxb4 Be8 {loses to the
following plan: K-h4,B-h5 (providing the advance of the g-pawn), then K back
to c5, then in a position like Kc5,Bh5-Ke7,Bb3 (pawns like now) there follows
1.g6 Kf8 2.Be2 and 3.Bc4 winning the e6 pawn or transposing into a winning
pawn ending.}) 33. Bxe4 (33. Bb3 Nb6 {[%cal Ye4d5]}) 33... fxe4 34. Nc6+ Kf7
35. Nxa5 Nb6) 32. Ne5 Nxe5 33. dxe5 b4+ {This will be forced anyway.} 34. axb4
axb4+ 35. Kxb4 Bd7 36. Bb3 Bc6 37. Kc5 Be8 $4 {A blunder leading to an
immediate end of the game but Black was doomed anyway:} (37... Bf3 38. Bg8 Be2
(38... Kf8 39. Bd5 $18) 39. e6 Bf3 40. Bf7 Be4 41. Bxg6 Kxe6 42. Bh5 Bg2 43.
Be2 Kf7 44. Kd4 Kg6 45. Bd3 Bf3 (45... Bc6 46. Ke5 Bd7 47. Bc2 Bc8 48. Ba4 $22
Kg7 49. Bb3 Kg6 50. Be6 $18) 46. Ke5 Bg4 47. Bc2 Bh3 48. Ba4 Bg4 49. Bd7 $22
Bh3 50. Be8+ Kg7 51. Bh5 $18) 38. e6 $22 1-0

[Event "Khanty-Mansiysk FIDE GP"]
[Site "Khanty-Mansiysk"]
[Date "2015.05.26"]
[Round "11"]
[White "Tomashevsky, Evgeny"]
[Black "Vachier Lagrave, Maxime"]
[Result "1/2-1/2"]
[WhiteElo "2749"]
[BlackElo "2754"]
[Annotator "Krasenkow,M"]
[PlyCount "229"]
[EventDate "2015.05.14"]
[EventType "tourn"]
[EventRounds "11"]
[EventCountry "RUS"]
[EventCategory "21"]
[SourceTitle "CBM 167"]
[Source "ChessBase"]
[SourceDate "2015.07.13"]
[SourceVersion "1"]
[SourceVersionDate "2015.07.13"]
[SourceQuality "1"]

1. d4 {[%emt 0:00:03]} Nf6 {[%emt 0:00:02]} 2. c4 {[%emt 0:00:08]} g6 {[%emt 0:
00:02]} 3. Nc3 {[%emt 0:00:09]} d5 {[%emt 0:00:02]} 4. Bg5 {[%emt 0:00:09]} Ne4
{[%emt 0:00:03]} 5. Bh4 {[%emt 0:00:10]} Nxc3 {[%emt 0:00:03]} 6. bxc3 {
[%emt 0:00:08]} dxc4 {[%emt 0:00:02]} 7. e3 {[%emt 0:00:11]} Be6 {[%emt 0:00:
03]} 8. Be2 {[%emt 0:00:09]} Bg7 {[%emt 0:08:18]} 9. Nh3 $5 {[%emt 0:00:43] A
curious move, rarely seen in this position.} (9. Nf3 {is the main line.}) 9...
O-O {[%emt 0:05:11]} (9... Bxh3 10. gxh3 {disrupts White's pawn structure but
his bishop pair should not be underestimated. Here are two practical examples:}
O-O 11. Rb1 (11. Bxc4 c5 12. O-O cxd4 13. cxd4 Nc6 14. Qf3 Rc8 15. Bd5 Qd7 16.
Rac1 e5 17. Bxc6 bxc6 18. dxe5 Bxe5 19. Kg2 Qe6 20. Qe4 Rfe8 $11 {1/2 (57)
Borisovsky,V (2121)-Gutenev,A (2339) Moscow 2012}) 11... Nd7 $5 (11... c5 $5 {
is another option requiring analysis}) 12. Rxb7 Qc8 13. Bf3 $6 (13. Rb1 $5 $13
{[%cal Ye1g1,Ye2f3]}) 13... c5 $2 ({Black misses a tactical shot} 13... Nc5 $1
$17 {as} 14. dxc5 $2 Bxc3+ 15. Ke2 Rd8 16. Qc2 Rd2+ 17. Qxd2 Bxd2 18. Kxd2 Qxh3
19. Bg3 Qf5 {[%cal Rf5f3,Rf5d3] is fatal for White}) 14. Bxe7 Re8 15. Bd6 $16 {
1/2 (35) Salaun,Y (2329)-Karavade,E (2386) Paris 2009}) 10. Nf4 {[%emt 0:02:49]
} Bf5 {[%emt 0:02:27]} 11. Bxc4 {[%emt 0:03:12] A small deviation from the
previous game, in which Black did well:} (11. O-O c5 (11... h6 12. Bg3 e5 13.
dxe5 Nd7 {may be good for Black here, therefore 11.Bxc4 is probably more
accurate than 11.0-0}) 12. Bxc4 Nc6 13. Qe2 (13. g4 $5) 13... cxd4 14. cxd4 Rc8
15. Rac1 Qd6 16. Bg3 Qa3 17. Rcd1 Na5 18. Bd3 Bxd3 19. Rxd3 Qa4 $11 {1/2 (72)
Moradiabadi,E (2532)-Dominguez Perez,L (2719) Khanty-Mansiysk 2011}) 11... Qd6
{[%emt 0:00:39]} (11... c5 $5 12. O-O {(there is apparently nothing better)
leads to Moradiabadi-Dominguez, where Evgeny Tomashevsky had probably prepared
something.}) 12. O-O {[%emt 0:13:47]} Nc6 {[%emt 0:00:45]} 13. Bg3 {[%emt 0:15:
23]} e5 {[%emt 0:07:29] Hardly a good plan. White's centre can't be broken up
without Black's c-pawn.} 14. Nd3 {[%emt 0:00:27]} Rad8 {[%emt 0:10:02]} 15. Bb5
{[%emt 0:04:09] White wants to weaken Black's queenside but the simple} (15. a4
$14 {was probably better.}) 15... a6 $1 {[%emt 0:04:54]} 16. Ba4 {[%emt 0:03:
31]} (16. Bxc6 Bxd3 $1 17. Qxd3 Qxc6 $11) 16... b5 {[%emt 0:11:25]} 17. Bb3 {
[%emt 0:01:02]} Bxd3 {[%emt 0:11:02]} 18. Qxd3 {[%emt 0:00:09]} Na5 {[%emt 0:
00:04]} 19. Qe4 {[%emt 0:11:02]} Rfe8 {[%emt 0:07:43]} 20. dxe5 {[%emt 0:09:54]
} Qd3 {[%emt 0:03:33]} 21. Qb4 {[%emt 0:01:26]} Nxb3 {[%emt 0:00:09]} 22. axb3
{[%emt 0:07:13]} Bxe5 {[%emt 0:01:03]} 23. Bxe5 {[%emt 0:00:11]} Rxe5 {[%emt 0:
00:06]} 24. Rxa6 {[%emt 0:00:07] White has won a pawn but can hardly convert
it.} c5 {[%emt 0:01:14]} 25. Qa5 {[%emt 0:02:25]} b4 $6 {[%emt 0:08:02] A
serious inaccuracy, after which Black loses a second pawn.} (25... Red5 $142 {
, and White should beware of Black's counterplay with the invasion of the 1st
rank.}) 26. Ra8 $1 {[%emt 0:10:02]} Ree8 {[%emt 0:03:50]} (26... Rxa8 $2 27.
Qxa8+ Kg7 28. cxb4 cxb4 (28... Qxb3 29. Qa1 f6 30. bxc5) 29. Qa1 Qc3 $8 30.
Qxc3 bxc3 31. Rc1 Rc5 32. Rc2 $18) 27. Rxd8 {[%emt 0:00:51]} Rxd8 {[%emt 0:00:
07]} 28. cxb4 {[%emt 0:00:45]} cxb4 {[%emt 0:00:07]} 29. Qxb4 {[%emt 0:00:38]}
Qc2 {[%emt 0:00:15] But surprisingly, even here the passive position of
White's rook makes his victory impossible! His b-pawn will be finally lost,
and both the rook and the queen endgames with 4 pawns vs 3 on the same side
will be drawish.} 30. h4 {[%emt 0:17:27]} h5 {[%emt 0:00:32]} 31. g3 {[%emt 0:
06:24]} Qb2 {[%emt 0:03:53]} 32. Qb5 {[%emt 0:00:04]} Kg7 {[%emt 0:01:12]} 33.
Kg2 {[%emt 0:00:39]} ({or} 33. b4 Rd2) 33... Rd2 {[%emt 0:00:37]} 34. Qc4 {
[%emt 0:00:54]} Rc2 {[%emt 0:01:47]} 35. Qd3 {[%emt 0:00:51]} Rd2 {[%emt 0:00:
39]} 36. Qc4 {[%emt 0:00:31]} Rc2 {[%emt 0:03:01]} 37. Qa4 {[%emt 0:00:08]} Qf6
{[%emt 0:02:43]} 38. Qe4 {[%emt 0:00:37]} Rb2 {[%emt 0:03:16]} 39. Qd3 {
[%emt 0:00:16]} Kg8 {[%emt 0:01:04]} 40. Kg1 {[%emt 0:00:00]} Kh7 {[%emt 0:00:
00]} 41. Qc4 {[%emt 0:32:59]} Kg8 {[%emt 0:06:55]} 42. Qd3 {[%emt 0:12:12]} Kh7
{[%emt 0:00:44]} 43. Qd5 {[%emt 0:01:56]} Kg7 {[%emt 0:04:30]} 44. Qc4 {
[%emt 0:00:19]} Kg8 {[%emt 0:00:21]} 45. b4 {[%emt 0:00:44]} Qe7 {[%emt 0:02:
27]} 46. Ra1 {[%emt 0:02:01]} Qxb4 {[%emt 0:06:55]} 47. Qd5 {[%emt 0:00:37]}
Rb1+ {[%emt 0:02:23]} 48. Rxb1 {[%emt 0:00:04]} Qxb1+ {[%emt 0:00:05] , and
Black held the queen ending:} 49. Kg2 {[%emt 0:00:04]} Kg7 {[%emt 0:00:59]} 50.
Qe5+ {[%emt 0:00:12]} Kg8 {[%emt 0:00:05]} 51. Qe8+ {[%emt 0:00:06]} Kg7 {
[%emt 0:00:04]} 52. Qe5+ {[%emt 0:00:06]} Kg8 {[%emt 0:00:04]} 53. e4 {[%emt 0:
00:05]} Qd3 {[%emt 0:00:15]} 54. Qf4 {[%emt 0:00:46]} Qd7 {[%emt 0:00:34]} 55.
Qg5 {[%emt 0:00:19]} Qd3 {[%emt 0:01:09]} 56. Qe5 {[%emt 0:01:05]} Qc4 {
[%emt 0:01:23]} 57. Qd5 {[%emt 0:00:50]} Qe2 {[%emt 0:00:33]} 58. Qc6 {[%emt 0:
00:05]} Kg7 {[%emt 0:00:19]} 59. Qc3+ {[%emt 0:00:17]} Kg8 {[%emt 0:00:05]} 60.
Qf3 {[%emt 0:00:00]} Qc4 {[%emt 0:00:00]} 61. g4 {[%emt 0:00:56]} hxg4 {
[%emt 0:00:46]} 62. Qxg4 {[%emt 0:00:02]} Kf8 {[%emt 0:00:19]} 63. Qf4 {
[%emt 0:01:11]} Kg7 {[%emt 0:01:28]} 64. Qe3 {[%emt 0:01:43]} Kg8 {[%emt 0:00:
52]} 65. Kg3 {[%emt 0:00:32]} Qf1 {[%emt 0:01:23]} 66. f3 {[%emt 0:01:33]} Qa1
{[%emt 0:00:10]} 67. Kg4 {[%emt 0:04:13]} Qb2 {[%emt 0:03:54]} 68. Kh3 {
[%emt 0:01:07]} Qa1 {[%emt 0:00:08]} 69. Kg3 {[%emt 0:00:15]} Kg7 {[%emt 0:01:
37]} 70. f4 {[%emt 0:04:32]} Kh7 {[%emt 0:00:59]} 71. Qf3 {[%emt 0:00:53]} Qg1+
{[%emt 0:03:24]} 72. Kh3 {[%emt 0:00:02]} Kh6 {[%emt 0:02:48]} 73. f5 {[%emt 0:
02:08]} gxf5 {[%emt 0:01:38]} 74. Qf4+ {[%emt 0:00:10]} Kg7 {[%emt 0:00:05]}
75. Qe5+ {[%emt 0:04:13]} Kg8 {[%emt 0:02:08]} 76. Qxf5 {[%emt 0:00:09]} Qh1+ {
[%emt 0:01:41]} 77. Kg4 {[%emt 0:00:33]} Qd1+ {[%emt 0:01:10]} 78. Kg5 {
[%emt 0:00:24]} Qc1+ {[%emt 0:01:34]} 79. Kh5 {[%emt 0:00:14]} Qc6 {[%emt 0:00:
50]} 80. Kg4 {[%emt 0:01:31]} Qb6 {[%emt 0:00:51]} 81. Qe5 {[%emt 0:02:20]} Kh7
{[%emt 0:01:47]} 82. h5 {[%emt 0:00:42]} Qg1+ {[%emt 0:01:51]} 83. Kf5 {
[%emt 0:00:09]} Qb6 {[%emt 0:01:42]} 84. Kg4 {[%emt 0:01:36]} Qg1+ {[%emt 0:00:
24]} 85. Qg3 {[%emt 0:00:13]} Qb6 {[%emt 0:01:26]} 86. Qf4 {[%emt 0:01:14]} Kg7
{[%emt 0:01:10]} 87. Kh4 {[%emt 0:00:04]} Kg8 {[%emt 0:02:16]} 88. Qe5 {
[%emt 0:00:56]} Kh7 {[%emt 0:00:33]} 89. Kg5 {[%emt 0:00:33]} Qg1+ {[%emt 0:03:
13]} 90. Kf6 {[%emt 0:00:56]} Qg7+ {[%emt 0:00:06]} 91. Kf5 {[%emt 0:00:02]}
Qh6 {[%emt 0:00:30]} 92. Kg4 {[%emt 0:00:25]} Qb6 {[%emt 0:00:09]} 93. Qd5 {
[%emt 0:00:43]} Kg7 {[%emt 0:00:34]} 94. Qg5+ {[%emt 0:00:44]} Kh7 {[%emt 0:00:
19]} 95. Qf5+ {[%emt 0:00:39]} Kg7 {[%emt 0:00:15]} 96. Qf4 {[%emt 0:00:12]}
Kg8 {[%emt 0:01:56]} 97. e5 {[%emt 0:01:10]} Kg7 {[%emt 0:00:46]} 98. Qg3 {
[%emt 0:00:22]} Kh6 {[%emt 0:00:54]} 99. Qf4+ {[%emt 0:00:13]} Kg7 {[%emt 0:00:
04]} 100. Kh4 {[%emt 0:00:19]} Qc6 {[%emt 0:00:56]} 101. Qd4 {[%emt 0:00:26]}
Kh7 {[%emt 0:03:25]} 102. Qd6 {[%emt 0:00:59]} Qg2 {[%emt 0:02:27]} 103. Qd3+ {
[%emt 0:00:11]} Kh6 {[%emt 0:00:05]} 104. Qe3+ {[%emt 0:00:07]} Kh7 {[%emt 0:
00:03]} 105. Qf4 {[%emt 0:00:19]} Qh1+ {[%emt 0:01:22]} 106. Kg5 {[%emt 0:00:
05]} Qg2+ {[%emt 0:00:04]} 107. Kf6 {[%emt 0:00:28]} Qg7+ {[%emt 0:00:03]} 108.
Kf5 {[%emt 0:00:05]} Qg1 {[%emt 0:00:16]} 109. Qc4 {[%emt 0:01:32]} Qf2+ {
[%emt 0:03:54]} 110. Kg5 {[%emt 0:00:17]} Qg3+ {[%emt 0:00:06]} 111. Kf6 {
[%emt 0:00:09]} Qf3+ {[%emt 0:00:10]} 112. Ke7 {[%emt 0:00:40]} Qb7+ {[%emt 0:
00:06]} 113. Kd6 {[%emt 0:00:46]} Qb6+ {[%emt 0:01:24]} 114. Ke7 {[%emt 0:01:
33]} Qb7+ {[%emt 0:00:06]} 115. Kd6 {[%emt 0:00:42]} 1/2-1/2

[Event "EU-ch 6th"]
[Site "Warsaw"]
[Date "2005.06.26"]
[Round "8"]
[White "Halkias, Stelios"]
[Black "Timofeev, Artyom"]
[Result "1/2-1/2"]
[WhiteElo "2549"]
[BlackElo "2622"]
[Annotator "Krasenkow,M"]
[PlyCount "81"]
[EventDate "2005.06.18"]
[EventType "swiss"]
[EventRounds "13"]
[EventCountry "POL"]
[SourceTitle "CBM 108"]
[Source "ChessBase"]
[SourceDate "2005.09.26"]
[SourceVersion "1"]
[SourceVersionDate "2005.09.26"]
[SourceQuality "1"]

1. d4 Nf6 2. c4 g6 3. Nc3 d5 4. Bg5 Ne4 5. Bh4 Nxc3 6. bxc3 dxc4 7. e3 Be6 8.
Qb1 b6 9. Nf3 Bh6 10. Bg5 (10. Ng5 {leads to a position from
Kacheishvili-Vallejo (see CBM 104).}) 10... Bxg5 11. Nxg5 Qd5 12. Nxe6 Qxe6 {
[%mdl 8] A new move. Black gives up the c4 pawn. In the arising endgame his
knight successfully holds on against the white bishop.} ({There is apparently
nothing wrong with} 12... fxe6 {, e.g.} 13. a4 (13. e4 Qa5 14. Qb2 Qa4 15. Be2
Nd7 16. e5 Rf8 17. O-O c5 18. f4 cxd4 19. cxd4 Rc8 $13 {0-1 Goldin,A-Kudrin,S/
San Diego 2004/CBM 105 (40)}) 13... Nc6 14. Qb5 Qxb5 15. axb5 Na5 16. Ra4 Kd7
17. h4 Rhf8 18. g4 h5 19. Bg2 Rac8 20. Be4 hxg4 21. Bxg6 Rf3 22. h5 Rcf8 23. h6
Rh3 24. Rxh3 gxh3 25. Ra1 Rf6 26. h7 Rxg6 27. h8=Q Rg1+ 28. Ke2 Rxa1 29. Qxh3
Ra2+ 30. Kf3 Rd2 31. Ke4 Nb7 32. Ke5 Nd8 33. f4 Nf7+ 34. Ke4 Nd6+ 35. Ke5 Nf7+
36. Ke4 Nd6+ {1/2-1/2 Javakhishvili,L-Alonso,R/Campillos 2005/CBM 104 ext}) 13.
Qb5+ c6 14. Qxc4 Qxc4 15. Bxc4 e6 {In a later game Black equalized as well:} (
15... Nd7 16. a4 Rc8 17. Ba6 Rc7 18. a5 e6 19. Kd2 Ke7 20. Rhb1 Rd8 21. axb6
Nxb6 22. Ke2 c5 23. Ra3 cxd4 24. cxd4 Nd5 25. Kf3 Kf6 26. Bd3 e5 $11 {1/2-1/2
Macieja,B-Navara,D/Ermioni Argolidas GRE 2005/The Week in Chess 558 (55)}) 16.
a4 a6 17. Be2 Ke7 18. Kd2 Nd7 19. Rhb1 (19. h4 $5 h5) (19. g4 $5 h6 $5) 19...
Rhc8 20. f4 $6 {In any case this move, allowing unpleasant blockade, is
strange.} f5 21. g4 Kd6 22. c4 a5 23. g5 $6 (23. h3 $11) 23... h6 $1 {Black
seizes initiative at the h-file.} 24. h4 Rh8 25. Rh1 Rh7 26. Bf3 Rah8 27. Kd3
hxg5 28. hxg5 Rh3 29. Bg2 Rh2 30. Bf3 c5 $1 31. Rxh2 $2 {Why allow the black
rook into White's camp?} (31. Bg2 $142 {holding on.}) 31... Rxh2 32. Rh1 Rf2
33. Bb7 cxd4 34. exd4 Rxf4 35. Rh6 Kc7 $2 {After this passive move White
avoids the punishment he deserves for his inaccurate play.} (35... Nf8 $5 36.
Rh8 Ke7) (35... e5 $5 36. Rxg6+ Kc7 37. Bd5 Rxd4+ 38. Ke3 Rg4 $17 {Despite
White's passed pawn, Black's material advantage gives him good winning chances.
}) 36. Rh7 Rg4 (36... Kxb7 37. Rxd7+ Kc6 38. Rg7) 37. Ba6 {[%cal Cc7d6,Cg4g5,
Ra6b5] White has unexpectedly obtained strong counterplay.} e5 38. dxe5 Kd8 39.
Rh8+ Ke7 40. Rh7+ Kd8 41. Rh8+ 1/2-1/2

[Event "Morelia/Linares 23rd"]
[Site "Morelia/Linares"]
[Date "2006.02.25"]
[Round "6"]
[White "Ivanchuk, Vassily"]
[Black "Svidler, Peter"]
[Result "1-0"]
[WhiteElo "2729"]
[BlackElo "2765"]
[Annotator "Krasenkow,M"]
[PlyCount "49"]
[EventDate "2006.02.18"]
[EventType "tourn"]
[EventRounds "14"]
[EventCountry "ESP"]
[EventCategory "20"]
[SourceTitle "CBM 112"]
[Source "ChessBase"]
[SourceDate "2006.06.07"]
[SourceVersion "1"]
[SourceVersionDate "2006.06.07"]
[SourceQuality "1"]

1. d4 Nf6 2. c4 g6 3. Nc3 d5 4. Bg5 Ne4 5. Bh4 Nxc3 6. bxc3 dxc4 7. e3 Be6 8.
Qb1 c5 $6 $146 {A dubious novelty, which GM V.Ivanchuk confidently refutes.} 9.
Qxb7 Bd5 10. Qb5+ Nd7 11. Nf3 Rb8 12. Qa4 cxd4 13. cxd4 Qc8 {Both kings are in
the centre but White's development is better.} 14. Rc1 $1 {[%mdl 128]} e6 15.
Bxc4 $1 {A brave decision based on precise calculations.} Rb4 16. Qa6 $1 Bb7 (
16... Qc7 17. Ne5 $1 Rb6 18. O-O $1 (18. Qa4 $143 Rb4) 18... Rxa6 19. Bxa6 Qb8
20. Rc8+ Qxc8 21. Bxc8 Nxe5 22. Bf6 Rg8 23. Bxe5 {with a healthy extra pawn.})
17. Qa5 $1 f6 (17... Bd5 18. Ne5 $1 Bxg2 19. Kd1 $3 Qb8 20. Bb5 $1 $18) 18. Nd2
Bxg2 {Black has restored the material balance but his king is under a strong
attack.} 19. Rg1 Qc6 (19... Bd5 {didn't help} 20. Bxf6 $1 Rxc4 (20... Rg8 21.
Bxd5 $3 Qxc1+ 22. Ke2 Qc8 (22... Qxg1 23. Qd8+ {with a quick mate}) 23. Rc1 $1
Qb8 24. Bxe6 $18) 21. Nxc4 Qb8 22. Qa4 Qb4+ 23. Qxb4 Bxb4+ 24. Nd2 $1 {keeping
an extra exchange}) 20. Rxg2 $1 Qxg2 21. Bxe6 Bd6 22. Rc8+ Ke7 23. Rxh8 Kxe6
24. Qd8 Qg1+ 25. Ke2 1-0

[Event "EU-ch 12th"]
[Site "Aix les Bains"]
[Date "2011.03.25"]
[Round "4"]
[White "Bellaiche, Antony"]
[Black "L'Ami, Erwin"]
[Result "1-0"]
[WhiteElo "2472"]
[BlackElo "2623"]
[Annotator "Marchand,A/Primel,D"]
[PlyCount "85"]
[EventDate "2011.03.22"]
[EventType "swiss"]
[EventRounds "11"]
[EventCountry "FRA"]
[SourceTitle "CBM 142 Extra"]
[Source "ChessBase"]
[SourceDate "2011.06.27"]
[SourceVersion "1"]
[SourceVersionDate "2011.06.27"]
[SourceQuality "1"]
[TimeControl "40/5400+30:1800+30"]

1. d4 Nf6 2. c4 g6 3. Nc3 d5 4. Bg5 Bg7 (4... Ne4 5. cxd5 Nxg5 6. h4) 5. Bxf6
Bxf6 6. cxd5 c6 7. Rc1 O-O 8. dxc6 Qxd4 9. Qxd4 Bxd4 10. cxb7 Bxb7 11. e3 Bf6
12. Nf3 Nd7 13. Bb5 Nb8 {C'est une erreur de sauvegarde du plateau DGT et
c'est Nc5 qui a été joué dans la partie. Les coups 14.Bf1 Nd7 15.Bb5 n'ont pas
été joués et la partie ne comporte que 41 coups} (13... Nc5 14. O-O Bxf3 15.
gxf3 {L'ordre de coups réel mais on transpose au 15ème coup}) 14. Bf1 Nd7 15.
Bb5 Nc5 {Retombe sur la partie réellement jouée.} 16. O-O Bxf3 17. gxf3 Rab8
18. b4 Rfc8 (18... Ne6 $142 19. a4 Nc7 {[%cal Gf6c3]} (19... a6 20. Bxa6 Rxb4)
20. Bd7 Bxc3 21. Rxc3 Nd5 22. Rc5 Nxb4 $132) 19. Nd5 {[%csl Gd5]} Rxb5 20. a4
Rb7 21. Rxc5 Rd8 22. Rfc1 Kg7 {[%cal Ge7e6,Gb7b4]} 23. b5 $36 {[%csl Ga4,Gb5]}
Be5 24. Nb4 $1 {[%csl Ga6,Gc6]} Bd6 25. Nc6 $1 Ra8 26. Na5 $1 Bxc5 27. Nxb7 Bb6
28. Nc5 (28. a5 $143 Rb8 29. a6 {[%csl Ra7]}) 28... Rd8 29. Nb3 Rd3 30. Rb1 Rc3
31. a5 $40 Bc7 32. b6 axb6 33. a6 $1 Bb8 34. Nd4 {[%cal Gd4b5,Ga6a7]} Ra3 35.
Nc6 Bc7 36. a7 $18 Kf8 37. Rb5 Ra6 38. Kg2 f6 39. f4 Kf7 40. e4 Ke6 (40... Bxf4
$2 41. Rxb6 $1) 41. e5 g5 42. exf6 exf6 43. f5+ 1-0